Statystyki dla Kraje świata w Plague Inc.

Kliknij tutaj aby rozwiązać quiz!

Ogólne statystyki

  • Ten quiz został rozwiązany 102 razy
  • Średni wynik to 38 z 58

Odpowiedzi na mapie

Odpowiedzi skodowane kolorowo w zielono-czerwonej skali na mapie do tego quizu, zgodnie z poniższymi procentami.
 

Statystyki odpowiedzi

Państwo% Poprawnych
Stany Zjednoczone
97%
Kanada
96%
Polska
93%
Rosja
91%
Chiny
89%
Niemcy
88%
Meksyk
87%
Brazylia
85%
Ukraina
85%
Francja
84%
Wielka Brytania
84%
Hiszpania
82%
Argentyna
81%
Finlandia
81%
Szwecja
81%
Indie
79%
Norwegia
79%
Republika Południowej Afryki
79%
Włochy
78%
Australia
77%
Islandia
77%
Japonia
77%
Egipt
75%
Kolumbia
74%
Boliwia
73%
Grenlandia
73%
Indonezja
73%
Turcja
73%
Korea
71%
Peru
71%
Arabia Saudyjska
70%
Kazachstan
70%
Madagaskar
69%
Algieria
68%
Irak
68%
Iran
68%
Maroko
68%
Nowa Zelandia
63%
Afganistan
59%
Libia
58%
Sudan
58%
Filipiny
57%
Pakistan
57%
Angola
48%
Bałkany
45%
Botswana
45%
Ameryka Środkowa
43%
Afryka Wschodnia
42%
Afryka Zachodnia
42%
Afryka Środkowa
41%
Zimbabwe
41%
Karaiby
37%
Europa Środkowa
36%
Bliski Wschód
27%
Azja Środkowa
24%
Azja Południowo Wschodnia
18%
Nowa Gwinea
18%
Kraje Bałtyku
14%

Rozkład punktacji

Percentyl według liczby udzielonych odpowiedzi

Procent ludzi z każdym wynikiem

Twoja historia wyników

Nie rozwiązałeś tego quizu